000 00594cam a2200205 4500500
005 20260329003848.0
041 _afre
042 _adc
100 1 0 _aLacroix, Alexandre
_eauthor
245 0 0 _aLe cheminement des grands enfants
260 _c2017.
500 _a72
690 _aÂge
690 _aAlexandre Lacroix
690 _aEnfance
690 _aMaturité
690 _aVieillesse
786 0 _nPhilosophie magazine | 110 | 6 | 2017-06-01 | p. 1-1 | 1951-1787
856 4 1 _uhttps://shs.cairn.info/magazine-philosophie-magazine-2017-6-page-1?lang=fr&redirect-ssocas=7080
999 _c1828454
_d1828454